000 00216nam a22000857a 4500
008 170626b xxu||||| |||| 00| 0 eng d
100 _93672
_aJain. D
245 _aMathematics class 4
260 _aNew Delhi
_bHoly Faith
_c2000
999 _c7087
_d7087